[Event "FRA-chT 0304 Regionale"]
[Site "Bretagne "]
[Date "2004.03.14"]
[Round "6"]
[White "Bougot, Joel"]
[Black "Wietholter, Frederik"]
[Result "1-0"]
[WhiteElo "1890"]
[BlackElo "1660"]
[PlyCount "83"]
[EventDate "2003.01.16"]
[EventType "team"]
[EventRounds "7"]
[EventCountry "FRA"]
[SourceTitle "EXT 2007"]
[Source "ChessBase"]
[SourceDate "2006.11.23"]
[SourceVersion "1"]
[SourceVersionDate "2006.11.23"]
[SourceQuality "1"]

1. b4 e6 2. Bb2 Nf6 3. a3 d6 4. e3 Nbd7 5. c4 b6 6. Nf3 Bb7 7. Be2 Be7 8. Qc2 0-0 9. 0-0 Rc8 10. Nc3 e5 11. h3 Re8 12. e4 c6 13. Qb3 Bf8 14. Nh2 Qe7 15. d3 g6 16. f4 Bg7 17. f5 Nf8 18. Bc1 Kh8 19. Bg5 h6 20. Be3 Kh7 21. b5 c5 22. Qb2 Rcd8 23. a4 Qc7 24. Qd2 Qe7 25. Rf2 Ra8 26. fxg6+ fxg6 27. Raf1 N8d7 28. Ng4 h5 29. Nh2 Rf8 30. Bg5 Rf7 31. g4 hxg4 32. Bxg4 Raf8 33. a5 bxa5 34. Ra1 Qe8 35. Rxa5 Nxg4 36. Nxg4 Rxf2 37. Nxf2 Qe6 38. Rxa7 Bc8 39. Nd5 Nb8 40. Re7 Qg8 41. Nf6+ Rxf6 42. Bxf6 1-0